000 00387nam a2200157Ia 4500
008 210716s1997 xx 000 0 und d
020 _a0132333139
041 _aeng
082 _a658 ROBS
100 _aRobbins, Stephen P.
245 _aManaging today.
250 _a1
260 _aNew Jersey
_bPrentice Hall of India PVt Ltd.
_c1997
300 _axix,
650 _aManagement(658)
999 _c206088
_d206088